[Event "1.Frauenbundesliga 2018-19"]
[Site "Germany"]
[Date "2019.01.12"]
[Round "5"]
[White "Movsesian, Julia"]
[Black "Kushka, Alena"]
[Result "1-0"]
[WhiteElo "2305"]
[BlackElo "2165"]
[Annotator "NA"]
[PlyCount "55"]
[EventDate "2018.10.27"]
[EventType "team-tourn"]
[EventCountry "GER"]
[SourceTitle "playchess.com"]
[Source "ChessBase"]
[SourceQuality "1"]
[TimeControl "40/5400+30:1800+30"]

1. Nf3 {[%emt 0:00:00]} c5 {[%emt 0:00:00]} 2. e4 {[%emt 0:00:00]} Nc6 {[%emt 0:00:00]} 3. Nc3 {[%emt 0:00:00]} d6 {[%emt 0:00:00]} 4. Bb5 {[%emt 0:00:00]} e5 {[%emt 0:00:42]} 5. d3 {[%emt 0:08:39]} Nf6 {[%emt 0:00:27]} 6. O-O {[%emt 0:07:51]} Be7 {[%emt 0:00:18]} 7. Ne2 {[%emt 0:10:04]} O-O {[%emt 0:01:02]} 8. c3 {[%emt 0:04:35]} a6 {[%emt 0:04:02]} 9. Ba4 {[%emt 0:01:01]} b5 {[%emt 0:00:47]} 10. Bc2 {[%emt 0:00:25]} Bg4 {[%emt 0:02:48]} 11. Ng3 {[%emt 0:03:45]} Rb8 {[%emt 0:27:03]} 12. h3 {[%emt 0:01:12]} Bd7 {[%emt 0:02:59]} 13. d4 {[%emt 0:02:15]} b4 {[%emt 0:01:19]} 14. Be3 {[%emt 0:06:19]} bxc3 {[%emt 0:05:36]} 15. bxc3 {[%emt 0:00:10]} Qa5 {[%emt 0:04:53]} 16. d5 {[%emt 0:00:54]} Na7 {[%emt 0:01:26]} 17. c4 {[%emt 0:00:34]} Nc8 {[%emt 0:05:49]} 18. Bd2 {[%emt 0:04:55]} Qc7 {[%emt 0:02:46]} 19. Ne1 {[%emt 0:01:09]} a5 {[%emt 0:05:53]} 20. Nd3 {[%emt 0:00:51]} Ne8 {[%emt 0:07:45]} 21. f4 {[%emt 0:03:36]} Bf6 {[%emt 0:02:06]} 22. Nh5 {[%emt 0:01:27]} exf4 {[%emt 0:00:31]} 23. Nxf6+ {[%emt 0:01:01]} Nxf6 {[%emt 0:00:04]} 24. Rxf4 {[%emt 0:00:06]} Ne7 {[%emt 0:08:56]} 25. Rxf6 {[%emt 0:02:57]} gxf6 {[%emt 0:00:12]} 26. Bc3 {[%emt 0:00:08]} f5 {[%emt 0:04:29]} 27. Bf6 {[%emt 0:00:15]} fxe4 {[%emt 0:01:37]} 28. Qd2 {[%emt 0:00:29]} 1-0

[Event "1.Frauenbundesliga 2018-19"]
[Site "Germany"]
[Date "2019.01.12"]
[Round "5"]
[White "Exler, Veronika"]
[Black "Girya, Olga"]
[Result "1/2-1/2"]
[WhiteElo "2277"]
[BlackElo "2455"]
[Annotator "TA"]
[PlyCount "129"]
[EventDate "2018.10.27"]
[EventType "team-tourn"]
[EventCountry "GER"]
[SourceTitle "playchess.com"]
[Source "ChessBase"]
[SourceQuality "1"]

{[%evp 23,129,0,0,0,0,0,0,0,0,0,0,-36,-38,-43,-58,-69,-64,-69,-64,-50,-36,-52,-43,-66,0,-11,0,0,0,0,0,0,67,0,7,8,8,0,0,0,0,0,0,0,0,0,7,8,8,7,12,4,22,0,0,0,0,0,8,0,6,4,9,0,0,0,0,0,0,0,0,0,0,0,0,0,0,0,8,8,8,8,8,8,8,8,8,8,145,123,150,143,132,124,212,151,249,225,206,8,8,8,9,8,8,8,8,8]} 1. d4 Nf6 2. c4 e6 3. Nf3 d5 4. g3 Bb4+ 5. Bd2 Be7 6. Bg2 O-O 7. O-O Nbd7 8. Qc2 c6 9. Bf4 b6 10. Rd1 Ba6 11. b3 Rc8 12. Nc3 {E15: Queen's Indian: 4 g3 sidelines, 4 g3 Ba6 and 4 g3 Bb7 early deviations} Bb4 {LiveBook: 3 Games} (12... h6 13. e4 dxc4 14. Nd2 b5 15. bxc4 bxc4 16. Na4 g5 17. Be3 Ng4 18. Nf1 Qc7 19. Bd2 c5 20. d5 Nde5 21. h3 Nf6 {½-½ (72) Bareev,E (2666)-Vidit,S (2711) Batumi 2018}) 13. a3 Be7 14. e4 dxc4 15. Qe2 $146 ({Predecessor:} 15. bxc4 Bxc4 16. Nd2 Ba6 17. Qa4 Bd3 18. Ndb1 b5 19. Qxa7 Bc2 20. Rc1 Bd3 21. Rd1 Bc2 22. Rc1 Bd3 {½-½ (22) Real de Azua,E (2458)-Ricardi,P (2481) Moron 2013}) 15... b5 16. bxc4 bxc4 17. d5 cxd5 18. exd5 exd5 19. Nxd5 Nxd5 20. Rxd5 {[#] Strongly threatening Rad1.} Bb7 21. Rdd1 {Hoping for Bh3.} Bf6 22. Rac1 $1 Re8 23. Qa2 Qe7 (23... c3 $15) 24. Rxc4 Rxc4 25. Qxc4 Nb6 26. Qb5 Rc8 27. Bd6 Qe6 (27... Qe4 $11) 28. Bb4 ({White should play} 28. Ng5 $14 Qe8 29. Qf5 Bxg5 30. Bxb7) 28... Qe8 29. Qxe8+ Rxe8 30. Re1 {[%cal Re1e8]} Rc8 31. Ne5 Bxg2 32. Kxg2 h5 33. Nd3 Nd5 34. Bc5 a6 35. Rb1 Nc3 36. Rb7 Ne4 37. Bb4 Rc2 38. Kf3 Ng5+ 39. Ke3 Ne6 40. Rb8+ Kh7 41. h4 Bd4+ 42. Kf3 g5 43. Ra8 g4+ 44. Kg2 $1 Rc6 45. Bd2 Rc2 46. Bb4 Kg6 47. Rxa6 Kf5 {...Ke4 is the strong threat.} 48. Be1 $1 Ke4 49. Nb4 Rc1 (49... Re2 $5 50. Kf1 $8 Rb2 $11) 50. Bd2 Rd1 $132 {[%mdl 2048] Black is fighting back} 51. Bh6 Rb1 {aiming for ...Rb2.} 52. Nc6 Bc5 {Black wants to play ...Rb2.} 53. Ra4+ Kd5 54. Nb4+ Bxb4 55. Rxb4 $11 {[%mdl 4096] Endgame KRB-KRN} Ra1 (55... Rxb4 $11 {remains equal.} 56. axb4 Kc4) 56. Be3 Rxa3 57. Rb5+ Ke4 58. Rxh5 f5 (58... Ra4 $16 59. Rh7 f6) 59. Rh7 f4 (59... Ra5 $16 60. Rb7 Ke5) 60. gxf4 $18 Nxf4+ {[#]} 61. Bxf4 $2 (61. Kg3 $1 $18 Nd5 62. Rh8) 61... Kxf4 $11 {The position is equal.} 62. Rf7+ Ke5 63. f3 gxf3+ 64. Rxf3 Rxf3 65. Kxf3 {Accuracy: White = 62%, Black = 57%.} 1/2-1/2

[Event "1.Frauenbundesliga 2018-19"]
[Site "Germany"]
[Date "2019.01.12"]
[Round "5"]
[White "Agrest, Inna"]
[Black "Tsolakidou, Stavroula"]
[Result "0-1"]
[WhiteElo "2275"]
[BlackElo "2414"]
[Annotator "TA"]
[PlyCount "102"]
[EventDate "2018.10.27"]
[EventType "team-tourn"]
[EventCountry "GER"]
[SourceTitle "playchess.com"]
[Source "ChessBase"]
[SourceQuality "1"]

{[%evp 17,102,37,47,21,6,-27,-12,-34,0,-40,-34,-28,-38,-38,20,-13,64,70,104,41,58,0,0,0,-18,-88,-81,-80,-59,-141,0,0,0,-65,-75,-67,-83,-49,-77,-121,-122,-113,-107,-271,-275,-277,-262,-261,-245,-348,-299,-370,-363,-404,-408,-385,-260,-370,-352,-417,-330,-334,-330,-363,-375,-430,-414,-579,-570,-558,-550,-589,-523,-552,-557,-621,-620,-637,-554,-1129,-1107,-1258,-1162,-2080,-2130,-3733,-3036]} 1. e4 c5 2. Nf3 e6 3. d4 cxd4 4. Nxd4 Nc6 5. Nc3 Qc7 6. Be3 a6 7. Qf3 {B48: Sicilian: Taimanov: 5 Nc3 Qc7 6 Be3 a6 without Be2} Nf6 8. O-O-O Rb8 (8... d6 9. Nxc6 Qxc6 10. g4 b5 11. g5 Nd7 12. a3 Bb7 13. Qh3 Rc8 14. g6 Nf6 {0-1 (55) Durarbayli,V (2629)-Cori Tello,J (2664) Saint Louis 2018}) 9. Be2 Bb4 {LiveBook: 6 Games} 10. Bf4 e5 11. Bg3 $146 {And now Nf5 would win.} ({Predecessor:} 11. Nxc6 bxc6 12. Bg5 Be7 13. Qe3 O-O 14. f4 h6 {0-1 (31) Uwira,O (2186)-Milov,L (2428) Frankfurt 2018}) 11... Bxc3 12. bxc3 Ne7 13. Nb3 Ng6 14. h4 h5 15. Qd3 O-O (15... b5 $1 $15) 16. Bf3 d5 ({Black should try} 16... Ra8 $11) 17. exd5 $14 Bd7 18. c4 (18. Rhe1 $16) 18... Rfc8 19. c5 (19. Rhe1 $14) 19... a5 $1 $11 {[%cal Ba6a5,Ba5a4][%mdl 32]} 20. Qc3 a4 21. d6 {[#]} (21. Nd2 $1 $11 {keeps the balance.}) 21... Qb6 $1 $17 22. cxb6 Rxc3 23. Na5 {[#]} ({White should play} 23. Na1 $1 $15) 23... Rc5 (23... e4 $1 $17 {[%cal Re4f3]} 24. Be2 Rbc8) 24. Nxb7 $11 Rb5 25. Be2 ({Better is} 25. Rhe1 $11) 25... Rxb7 $15 26. Bxb5 Bxb5 27. Rhe1 Nd7 $1 28. f3 Rxb6 29. Bf2 Rc6 30. Be3 $2 (30. Kb2 $17) 30... Nxh4 $19 31. Rd2 Nf5 32. Bf2 Bc4 33. a3 (33. Re4 $142) 33... Be6 ({Worse is} 33... Rxd6 34. Rxd6 Nxd6 35. Rd1 $16) (33... Nxd6 34. Red1 $11) 34. Red1 h4 35. Kb2 g5 36. Rd3 Ra6 37. Kc1 (37. Kc3 $142) 37... Kg7 38. Be1 Ra8 39. Bb4 Kg6 40. Rc3 Nd4 41. Re1 Rh8 42. Ree3 h3 {Black is clearly winning.} 43. gxh3 Rxh3 44. Ba5 Rh2 45. Rc8 Rf2 46. Rg8+ Kf5 47. Bd2 Nxf3 48. Bc3 e4 49. Ra8 Kf4 50. Rxf3+ Kxf3 51. Rxa4 g4 {Accuracy: White = 16%, Black = 72%.} 0-1

[Event "1.Frauenbundesliga 2018-19"]
[Site "Germany"]
[Date "2019.01.12"]
[Round "5"]
[White "Gromova, Julia"]
[Black "Spiel, Marianne"]
[Result "1-0"]
[WhiteElo "2241"]
[BlackElo "1896"]
[Annotator "NA"]
[PlyCount "43"]
[EventDate "2018.10.27"]
[EventType "team-tourn"]
[EventCountry "GER"]
[SourceTitle "playchess.com"]
[Source "ChessBase"]
[SourceQuality "1"]
[TimeControl "40/5400+30:1800+30"]

1. d4 {[%emt 0:00:00]} Nf6 {[%emt 0:00:00]} 2. c4 {[%emt 0:00:00]} e6 {[%emt 0:00:00]} 3. Nf3 {[%emt 0:00:00]} d5 {[%emt 0:00:01]} 4. Bg5 {[%emt 0:00:11]} c6 {[%emt 0:00:58]} 5. e3 {[%emt 0:00:10]} Nbd7 {[%emt 0:01:26]} 6. Nbd2 {[%emt 0:00:45]} Bd6 {[%emt 0:02:01]} 7. Bd3 {[%emt 0:00:15]} O-O {[%emt 0:00:30]} 8. O-O {[%emt 0:01:44]} e5 {[%emt 0:16:05]} 9. cxd5 {[%emt 0:06:46]} cxd5 {[%emt 0:01:20]} 10. dxe5 {[%emt 0:01:14]} Nxe5 {[%emt 0:00:29]} 11. Nxe5 {[%emt 0:01:36]} Bxe5 {[%emt 0:00:08]} 12. Nf3 {[%emt 0:01:49]} Bxb2 {[%emt 0:14:02]} 13. Bxh7+ {[%emt 0:00:40]} Kh8 {[%emt 0:00:29]} 14. Rb1 {[%emt 0:00:57]} Ba3 {[%emt 0:00:23]} 15. Qa4 {[%emt 0:16:09]} Be7 {[%emt 0:06:06]} 16. Qh4 {[%emt 0:00:37]} Nxh7 {[%emt 0:10:02]} 17. Bxe7 {[%emt 0:00:39]} Qe8 {[%emt 0:01:03]} 18. Bxf8 {[%emt 0:02:25]} Qxf8 {[%emt 0:00:21]} 19. Ng5 {[%emt 0:00:25]} Qg8 {[%emt 0:09:02]} 20. Rfd1 {[%emt 0:03:52]} b6 {[%emt 0:01:05]} 21. Rxd5 {[%emt 0:03:17]} g6 {[%emt 0:02:16]} 22. Rd8 {[%emt 0:01:39]} 1-0

[Event "1.Frauenbundesliga 2018-19"]
[Site "Germany"]
[Date "2019.01.12"]
[Round "5"]
[White "Schoene, Maria"]
[Black "Schenk, Stefanie"]
[Result "1-0"]
[WhiteElo "2171"]
[BlackElo "2090"]
[Annotator "NA"]
[PlyCount "91"]
[EventDate "2018.10.27"]
[EventType "team-tourn"]
[EventCountry "GER"]
[SourceTitle "playchess.com"]
[Source "ChessBase"]
[SourceQuality "1"]
[TimeControl "40/5400+30:1800+30"]

1. e4 {[%emt 0:00:00]} c6 {[%emt 0:00:00]} 2. d4 {[%emt 0:00:00]} d5 {[%emt 0:00:00]} 3. exd5 {[%emt 0:00:00]} cxd5 {[%emt 0:00:00]} 4. c4 {[%emt 0:00:20]} e6 {[%emt 0:00:05]} 5. Nf3 {[%emt 0:01:32]} Nf6 {[%emt 0:01:38]} 6. Nc3 {[%emt 0:06:33]} Be7 {[%emt 0:01:22]} 7. c5 {[%emt 0:08:09]} b6 {[%emt 0:06:49]} 8. Bb5+ {[%emt 0:02:27]} Bd7 {[%emt 0:05:08]} 9. cxb6 {[%emt 0:11:19]} axb6 {[%emt 0:09:55]} 10. O-O {[%emt 0:02:45]} O-O {[%emt 0:04:27]} 11. Bf4 {[%emt 0:11:32]} Nh5 {[%emt 0:18:39]} 12. Bxb8 {[%emt 0:11:28]} Bxb5 {[%emt 0:04:24]} 13. Nxb5 {[%emt 0:00:31]} Qxb8 {[%emt 0:02:38]} 14. Ne5 {[%emt 0:01:00]} Nf6 {[%emt 0:00:50]} 15. Nc6 {[%emt 0:06:09]} Qb7 {[%emt 0:03:30]} 16. Nxe7+ {[%emt 0:00:06]} Qxe7 {[%emt 0:00:04]} 17. Qb3 {[%emt 0:00:03]} Rfc8 {[%emt 0:03:40]} 18. Rfc1 {[%emt 0:01:15]} Qd8 {[%emt 0:01:24]} 19. f3 {[%emt 0:01:25]} Rxc1+ {[%emt 0:01:46]} 20. Rxc1 {[%emt 0:00:04]} Rc8 {[%emt 0:00:17]} 21. Rxc8 {[%emt 0:06:14]} Qxc8 {[%emt 0:00:01]} 22. Qc3 {[%emt 0:00:06]} Qd7 {[%emt 0:06:52]} 23. a4 {[%emt 0:00:52]} h6 {[%emt 0:00:19]} 24. Qc7 {[%emt 0:04:04]} Qxc7 {[%emt 0:00:27]} 25. Nxc7 {[%emt 0:00:05]} Kf8 {[%emt 0:00:48]} 26. Kf2 {[%emt 0:00:27]} Ke7 {[%emt 0:00:41]} 27. Ke3 {[%emt 0:00:27]} Kd7 {[%emt 0:03:40]} 28. Nb5 {[%emt 0:00:07]} Ng8 {[%emt 0:01:02]} 29. Kd3 {[%emt 0:04:20]} Ne7 {[%emt 0:00:10]} 30. b4 {[%emt 0:01:14]} Nc6 {[%emt 0:01:07]} 31. Kc3 {[%emt 0:00:04]} f6 {[%emt 0:03:55]} 32. f4 {[%emt 0:01:18]} g5 {[%emt 0:00:53]} 33. fxg5 {[%emt 0:00:05]} fxg5 {[%emt 0:01:46]} 34. Na3 {[%emt 0:00:49]} Kd6 {[%emt 0:01:37]} 35. Nc2 {[%emt 0:01:46]} e5 {[%emt 0:00:49]} 36. dxe5+ {[%emt 0:00:27]} Kxe5 {[%emt 0:00:26]} 37. Kd3 {[%emt 0:00:05]} h5 {[%emt 0:04:12]} 38. b5 {[%emt 0:05:47]} Na5 {[%emt 0:01:28]} 39. Nd4 {[%emt 0:00:40]} Nc4 {[%emt 0:07:09]} 40. Nf3+ {[%emt 0:01:45]} Kf6 {[%emt 0:01:50]} 41. Kd4 {[%emt 0:32:05]} g4 {[%emt 0:31:33]} 42. Ne1 {[%emt 0:01:52]} Nb2 {[%emt 0:00:00]} 43. a5 {[%emt 0:00:00]} Nc4 {[%emt 0:00:00]} 44. a6 {[%emt 0:00:00]} Nd6 {[%emt 0:00:00]} 45. Kxd5 {[%emt 0:00:00]} Nxb5 {[%emt 0:00:00]} 46. Kc6 {[%emt 0:00:00]} 1-0

[Event "1.Frauenbundesliga 2018-19"]
[Site "Germany"]
[Date "2019.01.12"]
[Round "5"]
[White "Winterholler, Christina"]
[Black "Lubbe, Melanie"]
[Result "0-1"]
[WhiteElo "2040"]
[BlackElo "2342"]
[Annotator "NA"]
[PlyCount "51"]
[EventDate "2018.10.27"]
[EventType "team-tourn"]
[EventCountry "GER"]
[SourceTitle "playchess.com"]
[Source "ChessBase"]
[SourceQuality "1"]
[TimeControl "40/5400+30:1800+30"]

1. e4 {[%emt 0:00:00]} d6 {[%emt 0:00:00]} 2. Nf3 {[%emt 0:07:05]} Nf6 {[%emt 0:00:41]} 3. Nc3 {[%emt 0:00:50]} c5 {[%emt 0:01:01]} 4. d4 {[%emt 0:01:12]} cxd4 {[%emt 0:00:05]} 5. Qxd4 {[%emt 0:00:13]} Nc6 {[%emt 0:04:27]} 6. Bb5 {[%emt 0:00:16]} Bd7 {[%emt 0:04:56]} 7. Bxc6 {[%emt 0:00:24]} Bxc6 {[%emt 0:00:15]} 8. Bg5 {[%emt 0:00:51]} e6 {[%emt 0:04:38]} 9. O-O-O {[%emt 0:02:27]} Be7 {[%emt 0:01:23]} 10. Rhe1 {[%emt 0:07:59]} Qa5 {[%emt 0:08:07]} 11. Kb1 {[%emt 0:03:13]} O-O {[%emt 0:03:18]} 12. Qd2 {[%emt 0:00:53]} Qa6 {[%emt 0:08:14]} 13. Nd4 {[%emt 0:00:39]} Rfd8 {[%emt 0:00:46]} 14. f3 {[%emt 0:02:37]} Rab8 {[%emt 0:11:29]} 15. g4 {[%emt 0:06:37]} b5 {[%emt 0:01:54]} 16. Rg1 {[%emt 0:06:30]} Be8 {[%emt 0:10:24]} 17. Nce2 {[%emt 0:08:32]} Rb6 {[%emt 0:11:29]} 18. Ng3 {[%emt 0:13:21]} Qa4 {[%emt 0:06:29]} 19. Nh5 {[%emt 0:13:36]} Ra6 {[%emt 0:00:09]} 20. a3 {[%emt 0:02:11]} d5 {[%emt 0:05:42]} 21. Bxf6 {[%emt 0:08:56]} Bxf6 {[%emt 0:02:08]} 22. Nxf6+ {[%emt 0:01:06]} gxf6 {[%emt 0:00:02]} 23. Qh6 {[%emt 0:01:50]} dxe4 {[%emt 0:02:48]} 24. Nf5 {[%emt 0:05:14]} Rxd1+ {[%emt 0:00:10]} 25. Rxd1 {[%emt 0:00:03]} exf5 {[%emt 0:00:04]} 26. gxf5 {[%emt 0:00:23]} 0-1

[Event "1.Frauenbundesliga 2018-19"]
[Site "Germany"]
[Date "2019.01.12"]
[Round "5"]
[White "Barpiyeva, Gulsana"]
[Black "Korenova, Martina"]
[Result "0-1"]
[WhiteElo "2035"]
[BlackElo "2163"]
[Annotator "NA"]
[PlyCount "124"]
[EventDate "2018.10.27"]
[EventType "team-tourn"]
[EventCountry "GER"]
[SourceTitle "playchess.com"]
[Source "ChessBase"]
[SourceQuality "1"]
[TimeControl "40/5400+30:1800+30"]

1. Nf3 {[%emt 0:00:00]} Nf6 {[%emt 0:00:23]} 2. c4 {[%emt 0:00:00]} g6 {[%emt 0:00:06]} 3. Nc3 {[%emt 0:00:09]} Bg7 {[%emt 0:00:04]} 4. d4 {[%emt 0:01:20]} O-O {[%emt 0:00:17]} 5. e3 {[%emt 0:00:11]} d6 {[%emt 0:00:14]} 6. Be2 {[%emt 0:00:13]} Nbd7 {[%emt 0:00:44]} 7. O-O {[%emt 0:00:25]} e5 {[%emt 0:00:18]} 8. Qc2 {[%emt 0:02:19]} Re8 {[%emt 0:04:02]} 9. b3 {[%emt 0:01:11]} Qe7 {[%emt 0:11:41]} 10. Nb5 {[%emt 0:09:32]} e4 {[%emt 0:01:45]} 11. Nxc7 {[%emt 0:02:46]} exf3 {[%emt 0:00:24]} 12. Bxf3 {[%emt 0:00:22]} Rb8 {[%emt 0:04:48]} 13. Nxe8 {[%emt 0:00:13]} Nxe8 {[%emt 0:00:31]} 14. Bb2 {[%emt 0:05:58]} Nf8 {[%emt 0:03:12]} 15. Rfe1 {[%emt 0:17:21]} g5 {[%emt 0:01:32]} 16. e4 {[%emt 0:05:49]} g4 {[%emt 0:01:21]} 17. Be2 {[%emt 0:01:29]} Ng6 {[%emt 0:00:39]} 18. Bf1 {[%emt 0:01:49]} Qg5 {[%emt 0:03:50]} 19. Rad1 {[%emt 0:01:57]} Bd7 {[%emt 0:01:20]} 20. Bc1 {[%emt 0:03:17]} Qh5 {[%emt 0:01:02]} 21. Qd2 {[%emt 0:03:47]} h6 {[%emt 0:11:10]} 22. b4 {[%emt 0:03:40]} Ba4 {[%emt 0:02:39]} 23. Be2 {[%emt 0:04:47]} Bxd1 {[%emt 0:00:31]} 24. Qxd1 {[%emt 0:00:24]} Qh4 {[%emt 0:07:04]} 25. Bxg4 {[%emt 0:02:34]} Nc7 {[%emt 0:16:02]} 26. Be3 {[%emt 0:05:06]} Re8 {[%emt 0:01:43]} 27. Bf3 {[%emt 0:05:28]} a6 {[%emt 0:04:38]} 28. c5 {[%emt 0:08:23]} dxc5 {[%emt 0:00:13]} 29. bxc5 {[%emt 0:00:10]} Nb5 {[%emt 0:00:46]} 30. g3 {[%emt 0:04:57]} Qe7 {[%emt 0:03:01]} 31. d5 {[%emt 0:03:34]} Nc3 {[%emt 0:01:07]} 32. Qc2 {[%emt 0:00:23]} Ne5 {[%emt 0:00:45]} 33. Bg2 {[%emt 0:00:42]} Nc4 {[%emt 0:02:55]} 34. Qb3 {[%emt 0:03:12]} Nxe3 {[%emt 0:05:31]} 35. d6 {[%emt 0:01:03]} Qe5 {[%emt 0:01:04]} 36. Rxe3 {[%emt 0:00:59]} Qxc5 {[%emt 0:00:08]} 37. d7 {[%emt 0:00:44]} Rd8 {[%emt 0:00:28]} 38. Bh3 {[%emt 0:00:18]} b5 {[%emt 0:06:34]} 39. Bf5 {[%emt 0:00:56]} Qc4 {[%emt 0:00:39]} 40. Qa3 {[%emt 0:01:28]} b4 {[%emt 0:02:17]} 41. Qa5 {[%emt 0:03:12]} Bf6 {[%emt 0:00:00]} 42. Qb6 {[%emt 0:04:38]} Kg7 {[%emt 0:04:12]} 43. e5 {[%emt 0:03:44]} Be7 {[%emt 0:00:47]} 44. e6 {[%emt 0:02:17]} Nd5 {[%emt 0:01:29]} 45. Qa5 {[%emt 0:04:26]} Qc1+ {[%emt 0:01:03]} 46. Kg2 {[%emt 0:00:20]} Nxe3+ {[%emt 0:00:06]} 47. fxe3 {[%emt 0:00:08]} Qb2+ {[%emt 0:03:33]} 48. Kh3 {[%emt 0:01:10]} fxe6 {[%emt 0:01:00]} 49. Bxe6 {[%emt 0:01:20]} Qf6 {[%emt 0:00:40]} 50. Bf5 {[%emt 0:01:44]} Rb8 {[%emt 0:05:47]} 51. e4 {[%emt 0:04:20]} b3 {[%emt 0:01:09]} 52. axb3 {[%emt 0:00:32]} Rxb3 {[%emt 0:00:19]} 53. Qc7 {[%emt 0:01:29]} Bd8 {[%emt 0:02:42]} 54. Qc4 {[%emt 0:00:28]} Qh4+ {[%emt 0:00:48]} 55. Kg2 {[%emt 0:00:26]} Rb2+ {[%emt 0:00:06]} 56. Kf3 {[%emt 0:01:09]} Qh5+ {[%emt 0:01:27]} 57. Ke3 {[%emt 0:00:57]} Bb6+ {[%emt 0:01:55]} 58. Kf4 {[%emt 0:00:21]} Qg5+ {[%emt 0:00:14]} 59. Ke5 {[%emt 0:00:19]} Qf6+ {[%emt 0:00:09]} 60. Kf4 {[%emt 0:00:47]} Rf2+ {[%emt 0:00:06]} 61. Kg4 {[%emt 0:00:13]} Qg5+ {[%emt 0:00:15]} 62. Kh3 Qh5# 0-1

[Event "1.Frauenbundesliga 2018-19"]
[Site "Germany"]
[Date "2019.01.12"]
[Round "5"]
[White "Ankerst, Milka"]
[Black "Belenkaya, Dina"]
[Result "0-1"]
[WhiteElo "2009"]
[BlackElo "2357"]
[Annotator "NA"]
[PlyCount "68"]
[EventDate "2018.10.27"]
[EventType "team-tourn"]
[EventCountry "GER"]
[SourceTitle "playchess.com"]
[Source "ChessBase"]
[SourceQuality "1"]
[TimeControl "40/5400+30:1800+30"]

1. d4 {[%emt 0:00:00]} d5 {[%emt 0:00:00]} 2. Nf3 {[%emt 0:00:13]} Nf6 {[%emt 0:00:00]} 3. Bg5 {[%emt 0:00:53]} h6 {[%emt 0:01:30]} 4. Bh4 {[%emt 0:00:43]} c6 {[%emt 0:00:55]} 5. c3 {[%emt 0:01:59]} Bf5 {[%emt 0:00:48]} 6. Qb3 {[%emt 0:02:20]} Qb6 {[%emt 0:00:27]} 7. Nbd2 {[%emt 0:03:19]} Nbd7 {[%emt 0:05:42]} 8. h3 {[%emt 0:03:55]} e6 {[%emt 0:01:11]} 9. Bg3 {[%emt 0:02:08]} Be7 {[%emt 0:01:05]} 10. e3 {[%emt 0:00:44]} O-O {[%emt 0:00:35]} 11. Be2 {[%emt 0:01:25]} c5 {[%emt 0:04:22]} 12. dxc5 {[%emt 0:00:35]} Bxc5 {[%emt 0:00:46]} 13. Qxb6 {[%emt 0:06:04]} Bxb6 {[%emt 0:02:46]} 14. Nb3 {[%emt 0:02:41]} Ne4 {[%emt 0:01:07]} 15. Bh2 {[%emt 0:00:34]} Rac8 {[%emt 0:01:24]} 16. Ne5 {[%emt 0:09:43]} Rfd8 {[%emt 0:04:58]} 17. Bf3 {[%emt 0:08:27]} Ndc5 {[%emt 0:00:49]} 18. Nxc5 {[%emt 0:00:32]} Nxc5 {[%emt 0:00:11]} 19. Be2 {[%emt 0:17:43]} Na4 {[%emt 0:07:17]} 20. Bd3 {[%emt 0:01:29]} Nxb2 {[%emt 0:01:20]} 21. Bxf5 {[%emt 0:00:44]} exf5 {[%emt 0:00:04]} 22. Rc1 {[%emt 0:02:52]} f6 {[%emt 0:02:42]} 23. Ng6 {[%emt 0:00:46]} Kf7 {[%emt 0:01:04]} 24. Rc2 {[%emt 0:01:08]} Nd3+ {[%emt 0:03:05]} 25. Ke2 {[%emt 0:03:59]} Nxf2 {[%emt 0:00:30]} 26. Kxf2 {[%emt 0:00:28]} Kxg6 {[%emt 0:00:09]} 27. Rd1 {[%emt 0:00:17]} Kf7 {[%emt 0:04:15]} 28. Kf3 {[%emt 0:00:36]} Ba5 {[%emt 0:01:40]} 29. Rd3 {[%emt 0:00:17]} Rc4 {[%emt 0:00:29]} 30. Bg3 {[%emt 0:01:02]} b5 {[%emt 0:00:35]} 31. Rb2 {[%emt 0:00:24]} a6 {[%emt 0:00:09]} 32. Be1 {[%emt 0:00:39]} Ke6 {[%emt 0:00:09]} 33. Bd2 {[%emt 0:01:34]} Rdc8 {[%emt 0:00:26]} 34. Ke2 {[%emt 0:00:31]} Bxc3 {[%emt 0:00:36]} 0-1

[Event "1.Frauenbundesliga 2018-19"]
[Site "Germany"]
[Date "2019.01.12"]
[Round "5"]
[White "Mayrhuber, Nikola"]
[Black "Melamed, Tatjana"]
[Result "0-1"]
[WhiteElo "1984"]
[BlackElo "2368"]
[Annotator "NA"]
[PlyCount "70"]
[EventDate "2018.10.27"]
[EventType "team-tourn"]
[EventCountry "GER"]
[SourceTitle "playchess.com"]
[Source "ChessBase"]
[SourceQuality "1"]
[TimeControl "40/5400+30:1800+30"]

1. d4 {[%emt 0:00:00]} Nf6 {[%emt 0:00:00]} 2. c4 {[%emt 0:00:00]} g6 {[%emt 0:01:19]} 3. Nf3 {[%emt 0:00:00]} Bg7 {[%emt 0:00:15]} 4. g3 {[%emt 0:01:15]} O-O {[%emt 0:00:24]} 5. Bg2 {[%emt 0:00:05]} d6 {[%emt 0:00:19]} 6. O-O {[%emt 0:00:15]} c6 {[%emt 0:00:28]} 7. Nc3 {[%emt 0:00:29]} Qb6 {[%emt 0:04:29]} 8. e4 {[%emt 0:14:57]} Bg4 {[%emt 0:05:53]} 9. d5 {[%emt 0:04:42]} Qa6 {[%emt 0:10:18]} 10. Qb3 {[%emt 0:08:30]} Nbd7 {[%emt 0:03:44]} 11. Be3 {[%emt 0:04:42]} cxd5 {[%emt 0:13:51]} 12. cxd5 {[%emt 0:03:06]} Rfc8 {[%emt 0:02:56]} 13. Nd2 {[%emt 0:09:20]} Nc5 {[%emt 0:07:49]} 14. Qc2 {[%emt 0:03:23]} Bd7 {[%emt 0:05:13]} 15. f3 {[%emt 0:04:20]} Qd3 {[%emt 0:04:10]} 16. Qxd3 {[%emt 0:04:18]} Nxd3 {[%emt 0:00:05]} 17. Ne2 {[%emt 0:08:33]} Rc2 {[%emt 0:05:52]} 18. Rab1 {[%emt 0:14:41]} Ne8 {[%emt 0:01:19]} 19. b3 {[%emt 0:05:00]} Rxa2 {[%emt 0:01:52]} 20. Nc1 {[%emt 0:00:08]} Nxc1 {[%emt 0:06:38]} 21. Rfxc1 {[%emt 0:00:03]} Rc8 {[%emt 0:00:52]} 22. Nc4 {[%emt 0:02:52]} Nc7 {[%emt 0:01:31]} 23. Bf1 {[%emt 0:02:24]} Nb5 {[%emt 0:00:35]} 24. f4 {[%emt 0:04:39]} Nd4 {[%emt 0:01:26]} 25. Nd2 {[%emt 0:01:07]} Rcc2 {[%emt 0:02:49]} 26. Rxc2 {[%emt 0:00:59]} Nxc2 {[%emt 0:00:30]} 27. Bf2 {[%emt 0:00:46]} Na3 {[%emt 0:00:28]} 28. Rc1 {[%emt 0:01:47]} Rxd2 {[%emt 0:01:58]} 29. Rc7 {[%emt 0:00:03]} Bb5 {[%emt 0:02:35]} 30. Bxb5 {[%emt 0:01:09]} Nxb5 {[%emt 0:00:06]} 31. Rc8+ {[%emt 0:01:14]} Bf8 {[%emt 0:00:05]} 32. f5 {[%emt 0:00:17]} gxf5 {[%emt 0:01:50]} 33. Be3 {[%emt 0:00:15]} Rd1+ {[%emt 0:00:06]} 34. Kf2 {[%emt 0:00:28]} Kg7 {[%emt 0:00:05]} 35. Ke2 {[%emt 0:00:49]} Rb1 {[%emt 0:00:22]} 0-1